Entrevista a Jacqueline Goodnow (Record no. 67954)

MARC details
000 -CABECERA
campo de control de longitud fija 00713nam a2200253 a 4500
005 - FECHA Y HORA DE LA ÚLTIMA TRANSACCIÓN
campo de control 20210219153059.0
008 - ELEMENTOS DE LONGITUD FIJA--INFORMACIÓN GENERAL
campo de control de longitud fija 991125n 000 0 spa u
035 ## - NÚMERO DE CONTROL DEL SISTEMA
Número de control de sistema UPN01000076859
100 1# - ASIENTO PRINCIPAL--NOMBRE PERSONAL
Nombre de persona Larrosa, Silvia L
222 ## - TÍTULO CLAVE
Título clave INFANCIA Y APRENDIZAJE =
222 ## - TÍTULO CLAVE
Información calificativa JOURNAL FOR THE STUDY OF EDUCATION AND DEVELOPMENT
245 ## - MENCIÓN DE TÍTULO
Título Entrevista a Jacqueline Goodnow
260 ## - PUBLICACIÓN, DISTRIBUCIÓN, ETC.
Lugar de publicación, distribución, etc. Madrid, España
300 ## - DESCRIPCIÓN FÍSICA
Extensión 3-17
362 0# - FECHAS DE PUBLICACIÓN Y/O DESIGNACIÓN SECUENCIAL
Fecha de publicación y/o designación secuencial 1996 No. 73, ene.-mar.
653 0# - TERMINO DE INDIZACION - NO CONTROLADO
Término no controlado FAMILIA
653 0# - TERMINO DE INDIZACION - NO CONTROLADO
Término no controlado GOODNOW, JACQUELINE
653 0# - TERMINO DE INDIZACION - NO CONTROLADO
Término no controlado INTERACCION PADRES-HIJO
653 0# - TERMINO DE INDIZACION - NO CONTROLADO
Término no controlado PSICOLOGIA COGNOSCITIVA
653 0# - TERMINO DE INDIZACION - NO CONTROLADO
Término no controlado PSICOLOGIA EVOLUTIVA
653 0# - TERMINO DE INDIZACION - NO CONTROLADO
Término no controlado PSICOLOGIA SOCIAL
904 ## - ELEMENTOS DE DATOS D LOCAL, LDD (RLIN)
a AC
b 014670
905 ## - TIPO DE MATERIAL
Tipo de material Articulo

No items available.